书目信息 |
| 题名: |
简明中外新闻事业史
|
|
| 作者: | 蒋含平 , 谢鼎新 编著 | |
| 分册: | ||
| 出版信息: | 合肥 合肥工业大学出版社 2004 |
|
| 页数: | 460页 | |
| 开本: | 23cm | |
| 丛书名: | ||
| 单 册: | ||
| 中图分类: | G219.19 | |
| 科图分类: | ||
| 主题词: | 新闻事业史--世界--教材 , 新闻事业史 | |
| 电子资源: | ||
| ISBN: | 7-81093-125-3 | |
| 000 | 00834nam0 2200253 450 | |
| 001 | 002981372 | |
| 005 | 20061117092334.67 | |
| 010 | @a7-81093-125-3@dCNY36.00 | |
| 100 | @a20051008d2004 em y0chiy0110 ea | |
| 101 | 0 | @achi |
| 102 | @aCN@b340000 | |
| 105 | @ay z 000yy | |
| 200 | 1 | @a简明中外新闻事业史@9jian ming zhong wai xin wen shi ye shi@f蒋含平,谢鼎新编著 |
| 210 | @a合肥@c合肥工业大学出版社@d2004 | |
| 215 | @a460页@d23cm | |
| 300 | @a当代新闻传播学系列教程/芮必峰主编 | |
| 330 | @a本书分中国新闻事业史和外国新闻事业史两编。概括了从古代到当代的中外新闻事业发展、发展、变化的历史。 | |
| 606 | 0 | @a新闻事业史@y世界@j教材 |
| 606 | 0 | @a新闻事业史 |
| 690 | @aG219.19@v4 | |
| 701 | 0 | @a蒋含平@9jiang han ping@4编著 |
| 701 | 0 | @a谢鼎新@9xie ding xin@4编著 |
| 801 | 0 | @aCN@bNLC@c20061117 |
| 905 | @a10447@dG219.19@e194 | |
| 简明中外新闻事业史/蒋含平,谢鼎新编著.-合肥:合肥工业大学出版社,2004 |
| 460页;23cm |
| 当代新闻传播学系列教程/芮必峰主编 |
| ISBN 7-81093-125-3:CNY36.00 |
| 本书分中国新闻事业史和外国新闻事业史两编。概括了从古代到当代的中外新闻事业发展、发展、变化的历史。 |
| ● |
| 相关链接 |
|
|
|
|
正题名:简明中外新闻事业史
索取号:G219.19/194
 
预约/预借
| 序号 | 登录号 | 条形码 | 馆藏地/架位号 | 状态 | 备注 |
| 1 | 0389338 | 203893386 | 第一样本阅览室/ [索取号:G219.19/194] | 在馆 | |
| 2 | 0389339 | 203893395 | 第四借阅区/ [索取号:G219.19/194] | 在馆 | |
| 3 | 0389340 | 203893402 | 第四借阅区/ [索取号:G219.19/194] | 在馆 | |
| 4 | 0389341 | 203893411 | 第四借阅区/ [索取号:G219.19/194] | 在馆 | |
| 5 | 0389342 | 203893420 | 第四借阅区/ [索取号:G219.19/194] | 在馆 |